LEADER 00894nam a2200253 i 4500 001 991002179679707536 005 20020508191822.0 008 930930s1993 it ||| | ita 020 $a880435111X 035 $ab10970939-39ule_inst 035 $aPARLA156770$9ExL 040 $aDip.to Filosofia$bita 100 1 $aDi Trocchio, Federico$0462669 245 13$aLe bugie della scienza :$bperchè e come gli scienziati imbrogliano /$cFederico Di Trocchio 260 $aMilano :$bA. Mondadori,$cc1993 300 $a364 p. ;$c23 cm. 490 0 $aSaggi [Mondadori] 650 4$aScienze 907 $a.b10970939$b23-02-17$c28-06-02 912 $a991002179679707536 945 $aLE005 MF 37 L 46$g1$i2005000229237$lle005$o-$pE0.00$q-$rl$s- $t0$u1$v9$w1$x0$y.i11081624$z28-06-02 996 $aBugie della scienza$9864509 997 $aUNISALENTO 998 $ale005$b01-01-93$cm$da $e-$fita$git $h3$i1